000 00843nas a2200277 4500
001 BR0302627
003 BR-BrBNA
005 20231205103836.0
007 ta
008 230509b bl.|||p| |||| 00| 00por d
040 _aBR-BrBNA
_bpor
_cBiblioteca Nacional de Agricultura
041 _a(Pt)
072 _aL74; L70
100 1 _aSilveira, J.M.S.
100 1 _aSilveira, A.K. da
245 1 _aTratamento cirúrgico da hiperplasia interdigital em bovinos (Bos taurus e Bos indicus)
650 _aBOVINO
650 _aHIPERPLASIA
650 _aLESÃO
650 _aINFLAMAÇÃO
650 _aCIRURGIA
650 _aVETERINÁRIA
773 0 _tRevista Brasileira de Medicina Veterinária (Brazil)
_xISSN 0100-2430
_g(Jul-Aug 2002), v. 24(4) p. 156-161
_wBR0302627
909 _a202311
_bLúcia
_c55
_dLúcia Elande
942 _2AGRIS
_n0
_cANA
999 _c175007
_d175007